Principles of the law of evidence: A study of the Indian evidence act, 1872 (Record no. 22691)
[ view plain ]
| 000 -LEADER | |
|---|---|
| fixed length control field | 00535nam a2200181Ia 4500 |
| 008 - FIXED-LENGTH DATA ELEMENTS--GENERAL INFORMATION | |
| fixed length control field | 230917s9999||||xx |||||||||||||| ||und|| |
| 020 ## - ISBN | |
| Price | RS440 |
| 040 ## - CATALOGING SOURCE | |
| -- | 240409 |
| Original cataloging agency | VIVEKANANDA LIBRARY |
| 041 ## - Language | |
| -- | English |
| 082 ## - DDC NUMBER | |
| Classification number | 345.06 A92P(22) |
| 100 ## - MAIN ENTRY--PERSONAL NAME | |
| Personal name | Avtar Singh |
| 245 #0 - TITLE STATEMENT | |
| Title | Principles of the law of evidence: A study of the Indian evidence act, 1872 |
| 250 ## - EDITION STATEMENT | |
| Edition statement | 22nd ed. |
| 260 ## - PUBLICATION, DISTRIBUTION, ETC. (IMPRINT) | |
| Place of publication, distribution, etc | Allahabad |
| Name of publisher, distributor, etc | Central Law Publications |
| Date of publication, distribution, etc | 2016 |
| 300 ## - PHYSICAL DESCRIPTION | |
| Pages | lxviii, 619 p. |
| 500 ## - GENERAL NOTE | |
| General note | 2722 29/05/2017 RBP17/66412 06/06/2017 Main Budget |
| 942 ## - ADDED ENTRY ELEMENTS (KOHA) | |
| Koha item type | Books |
| Withdrawn status | Lost status | Damaged status | Not for loan | Location (home branch) | Sublocation or collection (holding branch) | Date acquired | Koha issues (times borrowed) | Koha full call number | Accession No. | Koha date last seen | Koha item type |
|---|---|---|---|---|---|---|---|---|---|---|---|
| VIVEKANANDA LIBRARY | VIVEKANANDA LIBRARY | 07/07/2017 | 345.06 A92P(22) | 375137 | 17/09/2023 | Books | |||||
| VIVEKANANDA LIBRARY | VIVEKANANDA LIBRARY | 07/07/2017 | 345.06 A92P(22) | 375138 | 17/09/2023 | Books | |||||
| VIVEKANANDA LIBRARY | VIVEKANANDA LIBRARY | 07/07/2017 | 2 | 345.06 A92P(22) | 375139 | 18/02/2026 | Books | ||||
| VIVEKANANDA LIBRARY | VIVEKANANDA LIBRARY | 07/07/2017 | 345.06 A92P(22) | 375140 | 17/09/2023 | Books | |||||
| VIVEKANANDA LIBRARY | VIVEKANANDA LIBRARY | 07/07/2017 | 345.06 A92P(22) | 375141 | 17/09/2023 | Books |
